<?xml version="1.0" encoding="UTF-8"?>
<record
    xmlns:xsi="http://www.w3.org/2001/XMLSchema-instance"
    xsi:schemaLocation="http://www.loc.gov/MARC21/slim http://www.loc.gov/standards/marcxml/schema/MARC21slim.xsd"
    xmlns="http://www.loc.gov/MARC21/slim">

  <leader>01674nam0a2200397 i 4500</leader>
  <controlfield tag="001">RU\NLR\BIBL_A\011129550</controlfield>
  <controlfield tag="005">20241115073213.0</controlfield>
  <datafield tag="010" ind1=" " ind2=" ">
    <subfield code="a">9785971026976</subfield>
  </datafield>
  <datafield tag="021" ind1=" " ind2=" ">
    <subfield code="a">RU</subfield>
    <subfield code="b">2016-33934</subfield>
    <subfield code="9">2175</subfield>
  </datafield>
  <datafield tag="035" ind1=" " ind2=" ">
    <subfield code="a">(NILC)RuMoRGB-008467275</subfield>
  </datafield>
  <datafield tag="035" ind1=" " ind2=" ">
    <subfield code="a">(NLR Aleph) 011129550</subfield>
  </datafield>
  <datafield tag="090" ind1=" " ind2=" ">
    <subfield code="a">11560330</subfield>
    <subfield code="c">11560330</subfield>
  </datafield>
  <datafield tag="100" ind1=" " ind2=" ">
    <subfield code="a">20160516d2016    u  y0rusy50      ca</subfield>
  </datafield>
  <datafield tag="101" ind1="1" ind2=" ">
    <subfield code="a">rus</subfield>
    <subfield code="c">ger</subfield>
  </datafield>
  <datafield tag="102" ind1=" " ind2=" ">
    <subfield code="a">RU</subfield>
  </datafield>
  <datafield tag="105" ind1=" " ind2=" ">
    <subfield code="a">a|||z|||001zy</subfield>
  </datafield>
  <datafield tag="200" ind1="1" ind2=" ">
    <subfield code="a">&#x424;&#x438;&#x437;&#x438;&#x43A;&#x430; &#x43E;&#x431;&#x44B;&#x434;&#x435;&#x43D;&#x43D;&#x43E;&#x439; &#x436;&#x438;&#x437;&#x43D;&#x438;</subfield>
    <subfield code="d">Die Physik des T&#xE4;glichen Lebens</subfield>
    <subfield code="f">&#x41B;. &#x41F;&#x444;&#x430;&#x443;&#x43D;&#x434;&#x43B;&#x435;&#x440;</subfield>
    <subfield code="g">&#x43F;&#x435;&#x440;. &#x441; &#x43D;&#x435;&#x43C;. &#x413;.&#x410;. &#x41A;&#x43E;&#x442;&#x43B;&#x44F;&#x440;&#x430;</subfield>
    <subfield code="g">&#x43F;&#x43E;&#x434; &#x440;&#x435;&#x434;. &#x438; &#x441; &#x43F;&#x440;&#x435;&#x434;&#x438;&#x441;&#x43B;. &#x43F;&#x440;&#x43E;&#x444;. &#x41D;. &#x410;. &#x413;&#x435;&#x437;&#x435;&#x445;&#x443;&#x441;&#x430;</subfield>
    <subfield code="z">ger</subfield>
  </datafield>
  <datafield tag="205" ind1=" " ind2=" ">
    <subfield code="a">&#x418;&#x437;&#x434;. 2-&#x435;</subfield>
    <subfield code="b">[&#x440;&#x435;&#x43F;&#x440;.]</subfield>
  </datafield>
  <datafield tag="210" ind1=" " ind2=" ">
    <subfield code="a">&#x41C;&#x43E;&#x441;&#x43A;&#x432;&#x430;</subfield>
    <subfield code="c">URSS</subfield>
    <subfield code="c">&#x41B;&#x415;&#x41D;&#x410;&#x41D;&#x414;</subfield>
    <subfield code="d">2016</subfield>
  </datafield>
  <datafield tag="215" ind1=" " ind2=" ">
    <subfield code="a">521 &#x441;.</subfield>
    <subfield code="c">&#x438;&#x43B;.</subfield>
    <subfield code="d">23</subfield>
  </datafield>
  <datafield tag="225" ind1="1" ind2=" ">
    <subfield code="a">&#x41D;&#x430;&#x443;&#x43A;&#x443; - &#x432;&#x441;&#x435;&#x43C;! &#x428;&#x435;&#x434;&#x435;&#x432;&#x440;&#x44B; &#x43D;&#x430;&#x443;&#x447;&#x43D;&#x43E;-&#x43F;&#x43E;&#x43F;&#x443;&#x43B;&#x44F;&#x440;&#x43D;&#x43E;&#x439; &#x43B;&#x438;&#x442;&#x435;&#x440;&#x430;&#x442;&#x443;&#x440;&#x44B; (&#x444;&#x438;&#x437;&#x438;&#x43A;&#x430;)</subfield>
    <subfield code="v">&#x2116; 115</subfield>
  </datafield>
  <datafield tag="300" ind1=" " ind2=" ">
    <subfield code="a">&#x410;&#x432;&#x442;. &#x442;&#x430;&#x43A;&#x436;&#x435; &#x43D;&#x430; &#x43D;&#x435;&#x43C;. &#x44F;&#x437;.: Leopold Pfaundler</subfield>
  </datafield>
  <datafield tag="300" ind1=" " ind2=" ">
    <subfield code="a">&#x41D;&#x430; 4-&#x439; &#x441;. &#x43E;&#x431;&#x43B;. &#x430;&#x432;&#x442;.: &#x41B;. &#x41F;&#x444;&#x430;&#x443;&#x43D;&#x434;&#x43B;&#x435;&#x440;, &#x434;-&#x440; &#x444;&#x438;&#x43B;&#x43E;&#x441;&#x43E;&#x444;&#x438;&#x438;, &#x43F;&#x440;&#x43E;&#x444;.</subfield>
  </datafield>
  <datafield tag="313" ind1=" " ind2=" ">
    <subfield code="a">1-&#x435; &#x438;&#x437;&#x434;. 1906 &#x433;.</subfield>
  </datafield>
  <datafield tag="320" ind1=" " ind2=" ">
    <subfield code="a">&#x418;&#x43C;&#x435;&#x43D;. &#x438; &#x43F;&#x440;&#x435;&#x434;&#x43C;. &#x443;&#x43A;&#x430;&#x437;.: &#x441;. 515-521</subfield>
  </datafield>
  <datafield tag="510" ind1="1" ind2=" ">
    <subfield code="6">z20790</subfield>
    <subfield code="a">Die Physik des T&#xE4;glichen Lebens</subfield>
    <subfield code="z">ger</subfield>
  </datafield>
  <datafield tag="606" ind1=" " ind2=" ">
    <subfield code="a">&#x417;&#x430;&#x43D;&#x438;&#x43C;&#x430;&#x442;&#x435;&#x43B;&#x44C;&#x43D;&#x430;&#x44F; &#x444;&#x438;&#x437;&#x438;&#x43A;&#x430;</subfield>
    <subfield code="9">2174935</subfield>
    <subfield code="3">RU\NLR\AUTH\661308097</subfield>
  </datafield>
  <datafield tag="675" ind1=" " ind2=" ">
    <subfield code="a">53</subfield>
  </datafield>
  <datafield tag="686" ind1="1" ind2=" ">
    <subfield code="a">&#x412;3&#x44F;92</subfield>
  </datafield>
  <datafield tag="700" ind1=" " ind2="1">
    <subfield code="a">&#x41F;&#x444;&#x430;&#x443;&#x43D;&#x434;&#x43B;&#x435;&#x440;</subfield>
    <subfield code="b">&#x41B;.</subfield>
    <subfield code="g">&#x41B;&#x435;&#x43E;&#x43F;&#x43E;&#x43B;&#x44C;&#x434;</subfield>
  </datafield>
  <datafield tag="790" ind1=" " ind2="1">
    <subfield code="6">z20510</subfield>
    <subfield code="a">Pfaundler</subfield>
    <subfield code="b">L.</subfield>
    <subfield code="g">Leopold</subfield>
  </datafield>
  <datafield tag="801" ind1=" " ind2="0">
    <subfield code="a">RU</subfield>
    <subfield code="b">&#x420;&#x413;&#x411;</subfield>
    <subfield code="c">20160422</subfield>
    <subfield code="g">RCR</subfield>
  </datafield>
  <datafield tag="942" ind1=" " ind2=" ">
    <subfield code="c">BOOK</subfield>
  </datafield>
  <datafield tag="980" ind1=" " ind2=" ">
    <subfield code="a">NBR</subfield>
  </datafield>
</record>
